[Event "Villamaria Nacional U2200"]
[Site "Villamaria"]
[Date "2015.12.05"]
[Round "4.3"]
[White "Coca Cubillos, Jesus Alberto"]
[Black "Gonzalez Valencia, Alejandro"]
[Result "1-0"]
[WhiteElo "1865"]
[BlackElo "1765"]
[PlyCount "109"]
[EventDate "2015.12.04"]
[EventType "swiss"]
[EventRounds "7"]
[EventCountry "COL"]
[SourceTitle "EXT 2024"]
[Source "ChessBase"]
[SourceDate "2023.10.10"]
[SourceVersion "1"]
[SourceVersionDate "2023.10.10"]
[SourceQuality "1"]

1. b3 f5 2. Bb2 Nf6 3. Nf3 g6 4. e3 Bg7 5. c4 d6 6. d4 e6 7. Bd3 0-0 8. Nc3 Nc6 9. 0-0 Qe7 10. a3 a5 11. Qc2 e5 12. dxe5 Nxe5 13. Nxe5 dxe5 14. e4 fxe4 15. Nxe4 Nxe4 16. Bxe4 Bf5 17. Rae1 c6 18. Re2 Rae8 19. Rfe1 Qc7 20. h3 Re7 21. Qc3 Rfe8 22. Qg3 Kh8 23. Qg5 h6 24. Qh4 g5 25. Qg3 Qd7 26. Qc3 Bxe4 27. Rxe4 Qc7 28. h4 Bf6 29. hxg5 hxg5 30. Qh3+ Rh7 31. Qf5 Qf7 32. Rxe5 Bxe5 33. Bxe5+ Kg8 34. Qxg5+ Rg7 35. Qh6 Qg6 36. Qxg6 Rxg6 37. Re3 Kf7 38. g3 a4 39. f4 axb3 40. Rxb3 b5 41. cxb5 cxb5 42. Kf2 Rb6 43. Kf3 Rc8 44. Ke4 Rc4+ 45. Kf5 b4 46. axb4 Rcxb4 47. Rc3 Rb7 48. Rc8 Ra7 49. g4 Rba4 50. g5 R4a6 51. Rh8 Ra8 52. g6+ Ke7 53. Rh7+ Kf8 54. Kg5 R6a7 55. f5 1-0